000 00576nam a22002297a 4500
003 UA-OsUOA
001 86889
007 ta
008 20120912b un ||||| |||| 00| 0 ukr d
090 _a94(47)
_bЛ 93
942 _cBK
040 _aUA-OsUOA
_brus
_cUA-OsUOA
_dUA-OsUOA
245 _aЛюди легенд. Очерки о партизанах и подпольщиках
300 _a431 с.
955 _a4
041 _arus
080 _a94(47)
260 _aМ.
_bПолитиздат
_c1971
246 3 1 _aВыпуск 4
_n
650 7 _2UDC
999 _c373076
_d373076